| 000 | 01232cam a22002294a 4500 | ||
|---|---|---|---|
| 005 | 20250605164205.0 | ||
| 008 | 250528s ||||||||||||||||||||||||d | ||
| 035 | _a19881 | ||
| 020 | _a9607219716 | ||
| 040 |
_aGR-AtMCL _bgre _dGR-AtMCL _eAACR2 |
||
| 245 | 1 | _aAccess 7 για Windows 95 / Έκδοση 1η | |
| 250 | _a1η | ||
| 260 |
_bΑ. Τζιόλα Ε, _c1998 |
||
| 300 | _a336 | ||
| 520 | _aΒάσεις δεδομένων - Πίνακες - Ερωτοαποκρίσεις - Φόρμες - Αναφορές - Μακροεντολές - SQL, Συναρτήσεις της Access. Εισαγωγή στις Βάσεις Δεδομένων, Εισαγωγή στην Access, Δημιουργία της Βάσης Δεδομένων, Ερωτήματα (Queries), Φόρμες (Forms), Οδηγού Στοιχείου Ελέγχου, Αναφορές/ Έκθεσεις (Reports), Μακροεντολές (Macro), Συναρτήσεις Access και Basic και Sql, Ασφάλεια Βάσης Δεδομένων. | ||
| 700 | 1 |
_aΛάμπρου Αθανάσιος _96031 |
|
| 700 | 1 |
_aΠαπαπαναγιώτου Κ. Νικόλαος _96032 |
|
| 942 | _cBK | ||
| 999 |
_c5124 _d5124 |
||